National register medical personnel (Record no. 1448)

MARC details
000 -LEADER
fixed length control field 00479nam a2200145Ia 4500
003 - CONTROL NUMBER IDENTIFIER
control field IN-BaIIA
008 - FIXED-LENGTH DATA ELEMENTS--GENERAL INFORMATION
fixed length control field 211028s9999 xx 000 0 eng d
040 ## - CATALOGING SOURCE
Transcribing agency IIA Library
080 ## - UNIVERSAL DECIMAL CLASSIFICATION NUMBER
Universal Decimal Classification number 621(03)
Item number CSI-2
110 ## - MAIN ENTRY--CORPORATE NAME
Corporate name or jurisdiction name as entry element India. Council of Scientific & Industrial Research
9 (RLIN) 2943
245 #0 - TITLE STATEMENT
Title National register medical personnel
Remainder of title vol II, pt. I
Statement of responsibility, etc. CSIR
260 ## - PUBLICATION, DISTRIBUTION, ETC.
Place of publication, distribution, etc. New Delhi
Date of publication, distribution, etc. 1951
650 ## - SUBJECT ADDED ENTRY--TOPICAL TERM
Topical term or geographic name entry element National Register
9 (RLIN) 2944
942 ## - ADDED ENTRY ELEMENTS (KOHA)
Koha item type Books
Holdings
Withdrawn status Lost status Damaged status Not for loan Home library Current library Shelving location Date acquired Total Checkouts Full call number Barcode Date last seen Price effective from Koha item type
        IIA Library-Bangalore IIA Library-Kodaikanal General Stacks     621(03)/ CSI-2 1530 05/11/2021   Books

Powered by Koha